| 000 | 00701nam a2200193Ii 4500 | ||
|---|---|---|---|
| 003 | JO-AjNU | ||
| 008 | 230605s9999||||xx |||||||||||||| ||und|| | ||
| 040 |
_aJO-AjNU _bara _erda _cJO-AjNU |
||
| 041 | _aara | ||
| 050 | 1 | 4 | _aQ180.A7.A2878 1986 |
| 100 | 3 |
_aابو شيخة، نادر احمد, _eauthor _945467 |
|
| 245 | 0 | 0 | _aادارة البحث العلمي في الوطن العربي (قضايا وتساؤلات) |
| 264 | 3 | 1 | _aالقاهرة:المنظمة العربية الادارية ، 1986 |
| 300 | _a94ص | ||
| 336 |
_atext _btxt _2rdacontent |
||
| 337 |
_aunmediated _bn _2rdamedia |
||
| 338 |
_avolume _bnc _2rdacarrier |
||
| 650 | 4 |
_aالبحث - البلاد العربية _945468 |
|
| 999 |
_aA19712 _c23280 _d23280 |
||